000 00591nam a2200181Ia 4500
008 090124s9999 xx 000 0 und d
082 _b31982
100 _aकोल्हटकर प्र. श्री.
245 _a बातमीदार
250 _a0
260 _bमॉडर्न बुकडेपो प्रकाशन
300 _a92
600 _aकोल्हटकर प्र. श्री.
630 _a बातमीदार
700 _aकोल्हटकर प्र. श्री.
730 _a बातमीदार
942 _cBOOK
999 _c97823
_d97823